Polska - prawda czy fałsz - Statystyki

Ogólne statystyki
  • Ten quiz został rozwiązany 525 razy
  • Średni wynik to 6 z 10
Statystyki odpowiedzi
Zagadnienie Odpowiedź % Poprawnych
Katowice były stolicą Polski Fałsz
97%
Polska odzyskała niepodległość po 123 latach Prawda
97%
Kiedyś do Polski należał Lwów Prawda
97%
Przed 1999 rokiem w Polsce było 49 województw Prawda
71%
W Polsce jest ponad 40 tyś wsi Prawda
68%
Polska jest większa od Norwegii Fałsz
66%
Płock był stolicą Polski Prawda
46%
W Polsce jest ponad 2 tyś miast Fałsz
43%
W Polsce przeważają lasy liściaste Fałsz
38%
Poznań był stolicą Polski Prawda
20%
Nie znaleziono quizów pasujących do podanych kryteriów
Rozkład punktacji
Procent ludzi z każdym wynikiem
Percentyl według liczby udzielonych odpowiedzi
Twoja historia wyników
Nie rozwiązałeś tego quizu